| Tag |
First Indicator |
Second Indicator |
Subfields |
| LEADER |
00000pam a2200000 4500 |
| 001 |
in00000307995 |
| 005 |
20151010140533.0 |
| 008 |
740117s1974 pau b 00010beng |
| 010 |
|
|
|a 75168805
|
| 020 |
|
|
|a 0838778836
|
| 020 |
|
|
|a 0838779751 (pbk.)
|
| 035 |
|
|
|a (OCoLC)00806390
|
| 035 |
|
|
|9 ABH2193AM
|
| 037 |
|
|
|c $4.50
|
| 040 |
|
|
|a DLC
|c DLC
|d TXA
|d UtOrBLW
|
| 049 |
|
|
|a TXAM
|c [924391]
|
| 050 |
0 |
0 |
|a DA965.H9
|b D86 1974
|
| 082 |
0 |
|
|a 941.59/092/4
|a [B]
|
| 100 |
1 |
|
|a Dunleavy, Gareth W.
|
| 245 |
1 |
0 |
|a Douglas Hyde /
|c [by] Gareth W. Dunleavy.
|
| 264 |
|
1 |
|a Lewisburg [Pa.] :
|b Bucknell University Press,
|c [1974]
|
| 300 |
|
|
|a 92 pages ;
|c 21 cm.
|
| 336 |
|
|
|a text
|b txt
|2 rdacontent
|
| 337 |
|
|
|a unmediated
|b n
|2 rdamedia
|
| 338 |
|
|
|a volume
|b nc
|2 rdacarrier
|
| 490 |
1 |
|
|a The Irish writers series
|
| 504 |
|
|
|a Bibliography: pages 91-92.
|
| 600 |
1 |
0 |
|a Hyde, Douglas,
|d 1860-1949.
|
| 830 |
|
0 |
|a Irish writers series.
|
| 999 |
|
|
|a MARS
|
| 999 |
f |
f |
|s f15eb776-95ad-33a9-b0f1-e04f74f8f763
|i 81de0398-20b6-3d33-bb2c-3bcf3f22a636
|t 0
|
| 952 |
f |
f |
|p ric
|a Texas A&M University
|b Rellis Campus
|c Joint Library Facility
|d Remote Storage
|t 0
|e DA965.H9 D86 1974
|h Library of Congress classification
|i unmediated -- volume
|m A14801947553
|
| 998 |
f |
f |
|a DA965.H9 D86 1974
|t 0
|l Remote Storage
|